<?xml version="1.0" encoding="UTF-8"?>
<record
    xmlns:xsi="http://www.w3.org/2001/XMLSchema-instance"
    xsi:schemaLocation="http://www.loc.gov/MARC21/slim http://www.loc.gov/standards/marcxml/schema/MARC21slim.xsd"
    xmlns="http://www.loc.gov/MARC21/slim">

  <leader>02962nam a2200301 i 4500</leader>
  <controlfield tag="001">991027330935107026</controlfield>
  <controlfield tag="003">UkOxU</controlfield>
  <controlfield tag="005">20250908093913.0</controlfield>
  <controlfield tag="008">210126s2024    enka     b    001|0|eng|d</controlfield>
  <datafield tag="020" ind1=" " ind2=" ">
    <subfield code="a">9781292461052</subfield>
  </datafield>
  <datafield tag="040" ind1=" " ind2=" ">
    <subfield code="a">StDuBDS</subfield>
    <subfield code="b">eng</subfield>
    <subfield code="e">rda</subfield>
    <subfield code="c">StDuBDS</subfield>
    <subfield code="d">Uk</subfield>
    <subfield code="d">UkOxU</subfield>
  </datafield>
  <datafield tag="041" ind1=" " ind2=" ">
    <subfield code="a">English</subfield>
  </datafield>
  <datafield tag="100" ind1=" " ind2=" ">
    <subfield code="a">Slack, Nigel</subfield>
    <subfield code="e">author.</subfield>
    <subfield code="9">2679</subfield>
  </datafield>
  <datafield tag="245" ind1="1" ind2="0">
    <subfield code="a">Operations and process management </subfield>
    <subfield code="b">: principles and practice for strategic impact </subfield>
    <subfield code="c">/ Nigel Slack, Alistair Brandon-Jones, Nicola Burgess..</subfield>
  </datafield>
  <datafield tag="250" ind1=" " ind2=" ">
    <subfield code="a">Seventh edition.</subfield>
  </datafield>
  <datafield tag="264" ind1=" " ind2="1">
    <subfield code="a">Harlow, England :</subfield>
    <subfield code="b">Pearson,</subfield>
    <subfield code="c">[2041]</subfield>
  </datafield>
  <datafield tag="300" ind1=" " ind2=" ">
    <subfield code="a">xx, 586 pages :</subfield>
    <subfield code="b">illustrations (colour) ;</subfield>
    <subfield code="c">27 cm</subfield>
  </datafield>
  <datafield tag="500" ind1=" " ind2=" ">
    <subfield code="a">Previous edition: 2021.</subfield>
  </datafield>
  <datafield tag="504" ind1=" " ind2=" ">
    <subfield code="a">Includes bibliographical references and index.</subfield>
  </datafield>
  <datafield tag="505" ind1=" " ind2=" ">
    <subfield code="a">Operations and Processes &#x2014; Operations and Strategy Impact &#x2014; Product and Service Innovation &#x2014; Scope and Structure &#x2014; Process Positioning &#x2014; Process Analysis &#x2014; Supply Chain Management &#x2014; Capacity Management &#x2014; Inventory Management &#x2014; Operations Planning and Control &#x2014; Improvement &#x2014; Lean Operations &#x2014; Quality &#x2014; Risk and Resilience &#x2014; Project Management.</subfield>
  </datafield>
  <datafield tag="520" ind1=" " ind2=" ">
    <subfield code="a">Master the core subject principles of business operations and processes Operations and Process Management 7th edition is the ultimate text for those wishing to successfully manage business operations, equipping you with the critical and practical tools to manage business operations successfully. A must-read textbook for students who want to embark on a career in the field of operations, it approaches each topic from a managerial perspective, providing a relevant, real-world understanding of the core principles of the subject. With a range of examples, frameworks and techniques incorporated in each chapter, the book is designed to help you better analyse existing operations and understand ways to deal with operational and process challenges. Key features: Updated case studies drawing from a diverse range of industries and organisations from around the globe. New 'Responsible Operations' sections, introduced in all chapters, highlighting the ethical, social and environmental issues associated with operations decisions. A focus on recent developments reflecting the shifting operations environment, including the implications of hybrid working, increased volatility in supply chains, and updated coverage of agile project management. This text is for everyone wanting to understand the nature, principles and practice of operations and process management. It is aimed primarily at students with some management experience or those about to begin their career in management.</subfield>
  </datafield>
  <datafield tag="650" ind1=" " ind2="0">
    <subfield code="a">Production planning</subfield>
    <subfield code="9">3492</subfield>
  </datafield>
  <datafield tag="650" ind1=" " ind2="0">
    <subfield code="a">Business logistics</subfield>
    <subfield code="9">2448</subfield>
  </datafield>
  <datafield tag="700" ind1=" " ind2=" ">
    <subfield code="a">Brandon-Jones, Alistair</subfield>
    <subfield code="e">author.</subfield>
    <subfield code="9">11464</subfield>
  </datafield>
  <datafield tag="700" ind1=" " ind2=" ">
    <subfield code="a">Burgess, Nicola</subfield>
    <subfield code="e">author.</subfield>
    <subfield code="9">24248</subfield>
  </datafield>
  <datafield tag="856" ind1=" " ind2=" ">
    <subfield code="u">https://bibliotheque.tbs-education.fr/Default/doc/SYRACUSE/3386397/operations-and-process-management</subfield>
  </datafield>
  <datafield tag="942" ind1=" " ind2=" ">
    <subfield code="2">lcc</subfield>
  </datafield>
  <datafield tag="952" ind1=" " ind2=" ">
    <subfield code="0">0</subfield>
    <subfield code="1">0</subfield>
    <subfield code="2">lcc</subfield>
    <subfield code="4">0</subfield>
    <subfield code="7">0</subfield>
    <subfield code="a">TBS</subfield>
    <subfield code="b">TBS</subfield>
    <subfield code="d">2025-09-08</subfield>
    <subfield code="l">0</subfield>
    <subfield code="r">2025-09-08</subfield>
    <subfield code="t">1</subfield>
    <subfield code="u">https://bibliotheque.tbs-education.fr/Default/doc/SYRACUSE/3386397/operations-and-process-management</subfield>
    <subfield code="w">2025-09-08</subfield>
    <subfield code="y">EBOOK</subfield>
    <subfield code="z">ebook</subfield>
  </datafield>
  <datafield tag="999" ind1=" " ind2=" ">
    <subfield code="c">4917</subfield>
    <subfield code="d">4917</subfield>
  </datafield>
</record>
